Statistics for taylor swift - mirrorball

Click here to take the quiz!

General Stats

  • This quiz has been taken 11 times
  • The average score is 213 of 257

Answer Stats

Answer% Correct
a
100%
every
100%
I
100%
I'll
100%
I'm
100%
know
100%
mirrorball
100%
of
100%
on
100%
show
100%
the
100%
The
100%
to
100%
tonight
100%
version
100%
want
100%
When
100%
when
100%
You
100%
you
100%
yourself
100%
and
90%
And
90%
but
90%
But
90%
floor
90%
in
90%
is
90%
me
90%
out
90%
still
90%
they
90%
at
80%
break,
80%
end
80%
get
80%
it's
80%
million
80%
near
80%
no
80%
pieces
80%
said
80%
Shimmering
80%
that
80%
all
70%
are
70%
around,
70%
beautiful
70%
Because
70%
been
70%
believer,
70%
burned
70%
circus,
70%
clowns
70%
dear
70%
disco
70%
do
70%
don't
70%
down
70%
everything
70%
find
70%
for
70%
heels,
70%
highest
70%
horses
70%
Hush,
70%
I've
70%
just
70%
keep
70%
laughing
70%
looking
70%
love
70%
my
70%
natural,
70%
never
70%
not
70%
one
70%
rodeo
70%
Shinin'
70%
Spinnin'
70%
Spinnin;
70%
tallest
70%
tightrope
70%
tiptoes
70%
trapeze
70%
try
70%
try,
70%
tryin'
70%
why
70%
You'll
70%
called
60%
can
60%
home
60%
like
60%
regulars
60%
sent
60%
about
50%
as
50%
change
50%
Drunk
50%
fit
50%
masquerade
50%
off
50%
revelers
50%
watch
50%
edges
40%
glisten
40%
shattered
40%

Score Distribution

Percentile by Number Answered

Percent of People with Each Score

Your Score History

You have not taken this quiz